Country Flags that are hosting an F1 Race in the 2022 Season - Statistics

General Stats
  • This quiz has been taken 337 times
  • The average score is 20 of 22
Answer Stats
Picture Answer % Correct
Australia
98%
Spain
97%
France
96%
UK
96%
Brazil
95%
Canada
95%
Monaco
95%
Saudi Arabia
95%
Bahrain
94%
Belgium
94%
Japan
94%
Mexico
94%
USA (Austin)
94%
USA (Miami)
94%
Netherlands
93%
Italy
92%
Austria
90%
Azerbaijan
89%
Hungary
89%
Singapore
86%
United Arab Emirates
81%
San Marino
73%
No matching quizzes found
Score Distribution
Percent of People with Each Score
Percentile by Number Answered
Your Score History
You have not taken this quiz